000 00694nam a2200241Ia 4500
005 20260430150603.0
008 008 250103s9999 xx 000 0 eng d
037 _aTheses
040 _aCRL
040 _beng
040 _ceng
041 _2eng
041 _aeng
084 _qCRL
100 _aChakraborty Kajol Au.; Mandal Samit Kr. Gu.; Verma Punita Gu.
_91237932
245 0 _aExploring the Influence of Shell Closure on Fission Dynamics of Nuclei in Mass 200 Region
260 _c2024
300 _a143p.
650 _aPhysics
700 _aUniversity of Delhi. Faculty of Science. Deptt. of Physics & Astrophysics
_91237110
942 _cTH
999 _c1850147
_d1850147